000 00717nam a22001577a 4500
005 2012021600430.0
020 _a8121208238
_c790.00
035 _aB-107273
037 _aDPL
_bENG
100 _aRamasamy,R
_943027
245 _aState of State Central Libraries in India:
_cby R.Ramasamy
_bAn Analytical Study/
260 _a Delhi
_bGyan Publishing House
_c2003
300 _a 318p.
_c23 cms.
942 _2ddc
_cEN
_h027.554
_mRAM
999 _c63459
_d63459